000 00572nam a2200205Ia 4500
008 180523s9999 xx 000 0 und d
020 _a81-7446-332-1
050 _aMAIN HF 5549.5
050 _b.C67R48 2003
245 0 _aRethinking incentives and reward management /
245 0 _cG.K. Suri, C.D. Venkata Ratnam, N. K. Gupta.
260 _aNew Delhi :
260 _bExcel Books.,
260 _c2003
300 _a163 pages :
300 _c22 cm.
650 _aCompensation management.
650 _aEmployee motivation.
650 _xIncentives in industry.
999 _c357163
_d357163